[Event "16th Deltalift Open 2019"]
[Site "Halmstad"]
[Date "2019.05.30"]
[Round "3.23"]
[White "Naslund, Mikael"]
[Black "Petersson, Kjell"]
[Result "1-0"]
[WhiteElo "2177"]
[BlackElo "1949"]
[Annotator "ChessBase"]
[PlyCount "83"]
[EventDate "2019.05.30"]
[EventType "swiss"]
[EventCountry "SWE"]
[SourceTitle "playchess.com"]
[Source "ChessBase"]
[SourceQuality "1"]
[TimeControl "1800+12"]

1. d4 {[%emt 0:00:00]} d5 {[%emt 0:00:00]} 2. Nf3 {[%emt 0:00:00]} e6 {[%emt 0:00:00]} 3. c4 {[%emt 0:00:00]} c6 {[%emt 0:00:00]} 4. Nc3 {[%emt 0:00:09]} f5 {[%emt 0:00:32]} 5. g3 {[%emt 0:00:10]} Nf6 {[%emt 0:00:07]} 6. Bg2 {[%emt 0:00:02]} Bd6 {[%emt 0:00:03]} 7. O-O {[%emt 0:00:21]} Nbd7 {[%emt 0:01:01]} 8. c5 {[%emt 0:00:48]} Bc7 {[%emt 0:00:03]} 9. b4 {[%emt 0:00:05]} e5 {[%emt 0:02:28]} 10. dxe5 {[%emt 0:02:28]} Nxe5 {[%emt 0:00:01]} 11. Nxe5 {[%emt 0:00:06]} Bxe5 {[%emt 0:00:01]} 12. Bb2 {[%emt 0:00:27]} O-O {[%emt 0:02:43]} 13. e3 {[%emt 0:00:45]} Be6 {[%emt 0:01:33]} 14. Qc2 {[%emt 0:00:48]} Qe8 {[%emt 0:01:32]} 15. Ne2 {[%emt 0:00:35]} Bd7 {[%emt 0:02:07]} 16. a3 {[%emt 0:01:28]} Rd8 {[%emt 0:01:07]} 17. Bxe5 {[%emt 0:01:51]} Qxe5 {[%emt 0:00:01]} 18. Rab1 {[%emt 0:00:28]} Ne4 {[%emt 0:01:24]} 19. Qb2 {[%emt 0:01:45]} Qe7 {[%emt 0:01:49]} 20. Rfc1 {[%emt 0:01:27]} Rde8 {[%emt 0:03:00]} 21. Qd4 {[%emt 0:00:20]} a6 {[%emt 0:00:42]} 22. a4 {[%emt 0:00:09]} Qf7 {[%emt 0:02:22]} 23. Nf4 {[%emt 0:00:42]} g5 {[%emt 0:00:59]} 24. Nd3 {[%emt 0:00:29]} Qh5 {[%emt 0:00:55]} 25. Rb2 {[%emt 0:00:29]} Re6 {[%emt 0:00:25]} 26. Ne5 {[%emt 0:06:33]} Bc8 {[%emt 0:00:03]} 27. f3 {[%emt 0:01:25]} Rh6 {[%emt 0:01:11]} 28. Bf1 {[%emt 0:04:04]} Nxg3 {[%emt 0:03:11]} 29. hxg3 {[%emt 0:00:04]} Qh1+ {[%emt 0:00:18]} 30. Kf2 {[%emt 0:00:02]} f4 {[%emt 0:01:48]} 31. exf4 {[%emt 0:03:53]} gxf4 {[%emt 0:00:02]} 32. g4 {[%emt 0:00:30]} Qh4+ {[%emt 0:02:04]} 33. Ke2 {[%emt 0:00:17]} Re8 {[%emt 0:01:24]} 34. Kd3 {[%emt 0:00:28]} Bxg4 {[%emt 0:01:13]} 35. Nxg4 {[%emt 0:00:57]} Rhe6 {[%emt 0:00:20]} 36. Re2 {[%emt 0:00:22]} Qg3 {[%emt 0:00:18]} 37. Nh6+ {[%emt 0:02:06]} Rxh6 {[%emt 0:00:01]} 38. Rxe8+ {[%emt 0:00:01]} Kf7 {[%emt 0:00:02]} 39. Qe5 {[%emt 0:00:49]} Qxf3+ {[%emt 0:00:02]} 40. Kd2 {[%emt 0:00:05]} Rh2+ {[%emt 0:00:02]} 41. Be2 {[%emt 0:00:01]} Rxe2+ {[%emt 0:01:00]} 42. Qxe2 {[%emt 0:00:02]} 1-0

[Event "16th Deltalift Open 2019"]
[Site "Halmstad"]
[Date "2019.05.30"]
[Round "3.24"]
[White "Lindborg, Patrik"]
[Black "Stenman, Christoffer"]
[Result "1-0"]
[WhiteElo "2172"]
[BlackElo "1947"]
[Annotator "ChessBase"]
[PlyCount "75"]
[EventDate "2019.05.30"]
[EventType "swiss"]
[EventCountry "SWE"]
[SourceTitle "playchess.com"]
[Source "ChessBase"]
[SourceQuality "1"]
[TimeControl "1800+12"]

1. d4 {[%emt 0:00:00]} Nf6 {[%emt 0:00:00]} 2. c4 {[%emt 0:00:00]} e5 {[%emt 0:00:00]} 3. dxe5 {[%emt 0:00:00]} Ng4 {[%emt 0:00:00]} 4. Bf4 {[%emt 0:00:13]} Nc6 {[%emt 0:00:00]} 5. Nf3 {[%emt 0:00:02]} Bb4+ {[%emt 0:00:02]} 6. Nbd2 {[%emt 0:00:01]} Qe7 {[%emt 0:00:03]} 7. e3 {[%emt 0:00:04]} Ngxe5 {[%emt 0:00:09]} 8. Nxe5 {[%emt 0:00:26]} Nxe5 {[%emt 0:00:03]} 9. Be2 {[%emt 0:00:04]} O-O {[%emt 0:00:42]} 10. O-O {[%emt 0:00:02]} Bxd2 {[%emt 0:00:55]} 11. Qxd2 {[%emt 0:00:01]} d6 {[%emt 0:00:30]} 12. Qc3 {[%emt 0:00:20]} Re8 {[%emt 0:02:49]} 13. h3 {[%emt 0:08:53]} Bd7 {[%emt 0:02:26]} 14. Rac1 {[%emt 0:04:28]} Bc6 {[%emt 0:05:17]} 15. Rfd1 {[%emt 0:01:57]} Ng6 {[%emt 0:01:44]} 16. Bg3 {[%emt 0:00:18]} Nh4 {[%emt 0:01:35]} 17. c5 {[%emt 0:05:01]} Nxg2 {[%emt 0:04:50]} 18. cxd6 {[%emt 0:00:17]} cxd6 {[%emt 0:00:21]} 19. Qd4 {[%emt 0:01:46]} Qg5 {[%emt 0:08:15]} 20. Rxc6 {[%emt 0:01:33]} Nxe3 {[%emt 0:00:59]} 21. h4 {[%emt 0:01:12]} Qa5 {[%emt 0:03:00]} 22. fxe3 {[%emt 0:01:51]} bxc6 {[%emt 0:00:02]} 23. a3 {[%emt 0:00:44]} d5 {[%emt 0:00:21]} 24. Bd3 {[%emt 0:00:24]} Re6 {[%emt 0:00:14]} 25. h5 {[%emt 0:00:45]} Qd8 {[%emt 0:00:19]} 26. Qg4 {[%emt 0:00:23]} h6 {[%emt 0:00:12]} 27. Bh4 {[%emt 0:00:41]} Qb6 {[%emt 0:00:02]} 28. Bf2 {[%emt 0:00:23]} Qxb2 {[%emt 0:00:21]} 29. Qf5 {[%emt 0:00:55]} Rae8 {[%emt 0:00:03]} 30. Qh7+ Kf8 31. Bh4 {[%emt 0:00:22]} g5 {[%emt 0:00:13]} 32. hxg6 {[%emt 0:00:23]} Qg7 {[%emt 0:00:31]} 33. Kf2 {[%emt 0:02:39]} d4 {[%emt 0:00:04]} 34. gxf7 {[%emt 0:00:12]} R8e7 {[%emt 0:00:30]} 35. Bxe7+ {[%emt 0:00:05]} Kxf7 {[%emt 0:00:04]} 36. Qxg7+ {[%emt 0:00:18]} Kxg7 {[%emt 0:00:01]} 37. Bc5 {[%emt 0:00:02]} dxe3+ {[%emt 0:00:04]} 38. Bxe3 {[%emt 0:00:02]} 1-0

[Event "16th Deltalift Open 2019"]
[Site "Halmstad"]
[Date "2019.05.30"]
[Round "4.1"]
[White "Hector, Jonny"]
[Black "Seo, Jung Min"]
[Result "0-1"]
[WhiteElo "2488"]
[BlackElo "2377"]
[Annotator "ChessBase"]
[PlyCount "130"]
[EventDate "2019.05.30"]
[EventType "swiss"]
[EventCountry "SWE"]
[SourceTitle "playchess.com"]
[Source "ChessBase"]
[SourceQuality "1"]
[TimeControl "1800+12"]

1. e4 {[%emt 0:00:00]} c5 {[%emt 0:00:00]} 2. Nf3 {[%emt 0:00:00]} Nc6 {[%emt 0:00:00]} 3. Nc3 {[%emt 0:00:00]} g6 {[%emt 0:00:53]} 4. Bc4 {[%emt 0:00:16]} Bg7 {[%emt 0:00:25]} 5. O-O {[%emt 0:00:04]} d6 {[%emt 0:00:45]} 6. d3 {[%emt 0:00:22]} e6 {[%emt 0:01:33]} 7. a3 {[%emt 0:00:13]} Nge7 {[%emt 0:00:06]} 8. Re1 {[%emt 0:00:25]} O-O {[%emt 0:00:31]} 9. Ba2 {[%emt 0:00:05]} a6 {[%emt 0:00:49]} 10. Be3 {[%emt 0:00:36]} Nd4 {[%emt 0:00:54]} 11. Bxd4 {[%emt 0:00:24]} cxd4 {[%emt 0:00:02]} 12. Ne2 {[%emt 0:00:06]} Qb6 {[%emt 0:01:22]} 13. Qd2 {[%emt 0:04:17]} Bd7 {[%emt 0:00:59]} 14. c3 {[%emt 0:00:41]} dxc3 {[%emt 0:00:15]} 15. bxc3 {[%emt 0:00:40]} Rac8 {[%emt 0:00:21]} 16. Rab1 {[%emt 0:00:30]} Qc7 {[%emt 0:00:01]} 17. d4 {[%emt 0:00:42]} b5 {[%emt 0:00:36]} 18. Rbc1 {[%emt 0:01:18]} Qa5 {[%emt 0:01:57]} 19. h4 {[%emt 0:00:36]} Qd8 {[%emt 0:04:08]} 20. h5 {[%emt 0:00:26]} Nc6 {[%emt 0:00:40]} 21. Qf4 {[%emt 0:03:31]} Qe7 {[%emt 0:01:40]} 22. e5 {[%emt 0:02:38]} dxe5 {[%emt 0:02:59]} 23. dxe5 {[%emt 0:00:08]} Qxa3 {[%emt 0:00:05]} 24. Ra1 {[%emt 0:01:38]} Qe7 {[%emt 0:01:04]} 25. Ng3 {[%emt 0:00:18]} h6 {[%emt 0:04:07]} 26. hxg6 {[%emt 0:01:24]} fxg6 {[%emt 0:00:01]} 27. Qg4 {[%emt 0:00:15]} Qf7 {[%emt 0:00:14]} 28. Rad1 {[%emt 0:01:18]} Kh7 {[%emt 0:00:39]} 29. Ne4 {[%emt 0:04:35]} Qe7 {[%emt 0:04:34]} 30. Rxd7 {[%emt 0:02:00]} Qxd7 {[%emt 0:00:01]} 31. Bxe6 {[%emt 0:00:08]} Qc7 {[%emt 0:00:52]} 32. Bxc8 {[%emt 0:03:09]} Qxc8 {[%emt 0:00:14]} 33. e6 {[%emt 0:00:09]} Ne7 {[%emt 0:00:56]} 34. Nd6 {[%emt 0:02:00]} Qxc3 {[%emt 0:00:27]} 35. Nf7 {[%emt 0:00:03]} b4 {[%emt 0:01:07]} 36. Qh4 {[%emt 0:00:13]} Nf5 {[%emt 0:00:13]} 37. Qe4 {[%emt 0:00:20]} Re8 {[%emt 0:01:18]} 38. g4 {[%emt 0:00:18]} Ne7 {[%emt 0:00:01]} 39. Re3 {[%emt 0:00:17]} Qc1+ {[%emt 0:00:11]} 40. Kg2 {[%emt 0:00:01]} Qc6 {[%emt 0:00:12]} 41. Qxb4 {[%emt 0:00:07]} Nd5 {[%emt 0:00:03]} 42. Qe4 {[%emt 0:00:16]} Nxe3+ {[%emt 0:00:02]} 43. Qxe3 {[%emt 0:00:01]} Kg8 {[%emt 0:00:40]} 44. Nxh6+ {[%emt 0:00:13]} Bxh6 {[%emt 0:00:01]} 45. Qxh6 {[%emt 0:00:02]} Qxe6 {[%emt 0:00:00]} 46. Kg3 {[%emt 0:00:42]} Qd6+ {[%emt 0:00:27]} 47. Kg2 {[%emt 0:00:01]} Qc6 {[%emt 0:00:11]} 48. Kg3 {[%emt 0:00:05]} Qc7+ {[%emt 0:00:23]} 49. Kg2 {[%emt 0:00:03]} Qg7 {[%emt 0:00:07]} 50. Qd2 {[%emt 0:00:10]} Qf6 {[%emt 0:00:04]} 51. g5 {[%emt 0:00:51]} Qe6 {[%emt 0:00:20]} 52. Kg3 {[%emt 0:00:22]} Rf8 {[%emt 0:00:05]} 53. Nh2 {[%emt 0:00:18]} Qe5+ {[%emt 0:00:14]} 54. f4 {[%emt 0:00:01]} Qe7 {[%emt 0:00:31]} 55. Ng4 {[%emt 0:00:11]} Qe6 {[%emt 0:00:14]} 56. Qc3 {[%emt 0:00:13]} Rc8 {[%emt 0:00:17]} 57. Qd2 {[%emt 0:00:54]} Qc6 {[%emt 0:00:07]} 58. Nf6+ {[%emt 0:00:15]} Kf7 {[%emt 0:00:11]} 59. Qh2 {[%emt 0:00:08]} Qc3+ 60. Kg4 Qd3 {[%emt 0:00:10]} 61. Qa2+ {[%emt 0:00:48]} Qc4 {[%emt 0:00:14]} 62. Qa5 {[%emt 0:00:17]} Qe6+ {[%emt 0:00:11]} 63. Kg3 {[%emt 0:00:03]} Rc1 {[%emt 0:00:23]} 64. Kf2 {[%emt 0:00:25]} Rc2+ {[%emt 0:00:07]} 65. Kg3 {[%emt 0:00:02]} Qe3+ {[%emt 0:00:07]} 0-1

[Event "16th Deltalift Open 2019"]
[Site "Halmstad"]
[Date "2019.05.30"]
[Round "4.2"]
[White "Lindberg, Bengt"]
[Black "Cramling, Pia"]
[Result "0-1"]
[WhiteElo "2382"]
[BlackElo "2454"]
[Annotator "ChessBase"]
[PlyCount "84"]
[EventDate "2019.05.30"]
[EventType "swiss"]
[EventCountry "SWE"]
[SourceTitle "playchess.com"]
[Source "ChessBase"]
[SourceQuality "1"]
[TimeControl "1800+12"]

1. e4 {[%emt 0:00:00]} c5 {[%emt 0:00:00]} 2. Nf3 {[%emt 0:00:00]} d6 {[%emt 0:00:00]} 3. d4 {[%emt 0:00:00]} cxd4 {[%emt 0:00:00]} 4. Nxd4 {[%emt 0:00:00]} Nf6 {[%emt 0:00:00]} 5. Nc3 {[%emt 0:00:00]} a6 {[%emt 0:00:00]} 6. Bg5 {[%emt 0:00:00]} Nbd7 {[%emt 0:00:00]} 7. Bc4 {[%emt 0:00:11]} Qa5 {[%emt 0:00:19]} 8. Qd2 {[%emt 0:00:57]} e6 {[%emt 0:00:22]} 9. f3 {[%emt 0:05:30]} b5 {[%emt 0:02:09]} 10. Bb3 {[%emt 0:00:04]} Bb7 {[%emt 0:00:19]} 11. g4 {[%emt 0:01:34]} Be7 {[%emt 0:00:15]} 12. O-O-O {[%emt 0:01:08]} b4 {[%emt 0:03:29]} 13. Nce2 {[%emt 0:00:09]} Nxe4 {[%emt 0:00:09]} 14. Bxe7 {[%emt 0:01:28]} Nxd2 {[%emt 0:00:06]} 15. Bxd6 {[%emt 0:00:05]} Nxb3+ {[%emt 0:01:16]} 16. Nxb3 {[%emt 0:00:09]} Qb6 {[%emt 0:00:29]} 17. Rhf1 {[%emt 0:00:18]} Bd5 {[%emt 0:03:50]} 18. Bg3 {[%emt 0:00:22]} O-O {[%emt 0:00:28]} 19. Nf4 {[%emt 0:00:02]} Bc4 {[%emt 0:00:23]} 20. Rfe1 {[%emt 0:00:07]} Rfd8 {[%emt 0:01:32]} 21. Nd2 {[%emt 0:00:04]} Bd5 {[%emt 0:00:30]} 22. Nxd5 {[%emt 0:01:12]} exd5 {[%emt 0:00:02]} 23. Re7 {[%emt 0:00:08]} Rac8 {[%emt 0:00:07]} 24. Nb3 {[%emt 0:00:24]} Nf8 {[%emt 0:00:23]} 25. Re2 {[%emt 0:00:59]} Ne6 {[%emt 0:00:44]} 26. Kb1 {[%emt 0:00:09]} a5 {[%emt 0:00:11]} 27. Nc1 {[%emt 0:01:04]} a4 {[%emt 0:00:22]} 28. f4 {[%emt 0:00:38]} Nc5 {[%emt 0:00:11]} 29. Bf2 {[%emt 0:00:13]} Qb5 {[%emt 0:00:05]} 30. Bh4 {[%emt 0:02:08]} Rd7 {[%emt 0:00:47]} 31. Rde1 {[%emt 0:01:21]} Ne4 {[%emt 0:00:13]} 32. f5 {[%emt 0:01:57]} h6 {[%emt 0:00:08]} 33. f6 {[%emt 0:01:35]} g5 {[%emt 0:00:19]} 34. Bg3 {[%emt 0:00:03]} Nxf6 {[%emt 0:01:09]} 35. Be5 {[%emt 0:00:24]} Ne4 {[%emt 0:00:18]} 36. Nd3 {[%emt 0:00:56]} f6 {[%emt 0:00:32]} 37. Bd4 {[%emt 0:00:13]} Rc4 {[%emt 0:00:22]} 38. Bg1 {[%emt 0:00:26]} Rdc7 {[%emt 0:00:13]} 39. Rd1 {[%emt 0:00:44]} b3 {[%emt 0:00:20]} 40. cxb3 {[%emt 0:00:20]} axb3 {[%emt 0:00:03]} 41. a3 {[%emt 0:00:31]} Rc2 {[%emt 0:00:18]} 42. Ree1 {[%emt 0:00:17]} Nd2+ {[%emt 0:00:50]} 0-1

[Event "16th Deltalift Open 2019"]
[Site "Halmstad"]
[Date "2019.05.30"]
[Round "4.3"]
[White "Sjodahl, Pontus"]
[Black "Malmstig, Erik"]
[Result "0-1"]
[WhiteElo "2435"]
[BlackElo "2352"]
[Annotator "ChessBase"]
[PlyCount "71"]
[EventDate "2019.05.30"]
[EventType "swiss"]
[EventCountry "SWE"]
[SourceTitle "playchess.com"]
[Source "ChessBase"]
[SourceQuality "1"]
[TimeControl "1800+12"]

1. d4 {[%emt 0:00:00]} Nf6 {[%emt 0:00:00]} 2. c4 {[%emt 0:00:00]} e6 {[%emt 0:00:00]} 3. Nc3 {[%emt 0:00:05]} Bb4 {[%emt 0:00:00]} 4. e3 {[%emt 0:00:06]} O-O {[%emt 0:00:02]} 5. Nge2 {[%emt 0:00:07]} Re8 {[%emt 0:00:07]} 6. a3 {[%emt 0:00:25]} Bf8 {[%emt 0:00:04]} 7. Nf4 {[%emt 0:01:18]} Nc6 {[%emt 0:02:24]} 8. Be2 {[%emt 0:00:29]} e5 {[%emt 0:00:44]} 9. dxe5 {[%emt 0:00:35]} Nxe5 {[%emt 0:00:03]} 10. b3 {[%emt 0:01:02]} b6 {[%emt 0:00:12]} 11. O-O {[%emt 0:00:44]} Bb7 {[%emt 0:00:18]} 12. Bb2 {[%emt 0:00:11]} c6 {[%emt 0:00:29]} 13. Rc1 {[%emt 0:01:18]} Qc7 {[%emt 0:00:52]} 14. Re1 {[%emt 0:02:48]} Rad8 {[%emt 0:00:04]} 15. Bf1 {[%emt 0:00:25]} Qb8 {[%emt 0:00:09]} 16. g3 {[%emt 0:03:27]} d5 {[%emt 0:01:22]} 17. cxd5 {[%emt 0:00:04]} cxd5 {[%emt 0:00:11]} 18. Bg2 {[%emt 0:00:19]} d4 {[%emt 0:00:33]} 19. exd4 {[%emt 0:00:23]} Nf3+ {[%emt 0:01:29]} 20. Bxf3 {[%emt 0:00:20]} Rxe1+ {[%emt 0:00:04]} 21. Qxe1 {[%emt 0:00:03]} Bxf3 {[%emt 0:00:05]} 22. Qe3 {[%emt 0:01:11]} Ba8 {[%emt 0:03:22]} 23. Rd1 {[%emt 0:06:40]} Re8 {[%emt 0:05:50]} 24. Qd2 {[%emt 0:01:17]} Qc8 {[%emt 0:02:34]} 25. d5 {[%emt 0:04:24]} h6 {[%emt 0:03:46]} 26. b4 {[%emt 0:05:45]} Qg4 {[%emt 0:02:47]} 27. Kg2 {[%emt 0:01:01]} Bd6 {[%emt 0:02:32]} 28. f3 {[%emt 0:00:23]} Qf5 {[%emt 0:01:30]} 29. Qd3 {[%emt 0:00:07]} Qg5 {[%emt 0:00:28]} 30. Nh3 {[%emt 0:00:12]} Qe5 {[%emt 0:00:33]} 31. Nf2 {[%emt 0:00:13]} Nxd5 {[%emt 0:02:05]} 32. Ng4 {[%emt 0:00:32]} Nf4+ {[%emt 0:01:25]} 33. gxf4 {[%emt 0:00:15]} Qxf4 {[%emt 0:00:00]} 34. Nd5 {[%emt 0:00:24]} Bxd5 {[%emt 0:00:06]} 35. Qxd5 {[%emt 0:00:11]} Re2+ {[%emt 0:00:03]} 36. Kg1 0-1

[Event "16th Deltalift Open 2019"]
[Site "Halmstad"]
[Date "2019.05.30"]
[Round "4.4"]
[White "Rydstrom, Tom"]
[Black "Brynell, Stellan"]
[Result "0-1"]
[WhiteElo "2365"]
[BlackElo "2406"]
[Annotator "ChessBase"]
[PlyCount "82"]
[EventDate "2019.05.30"]
[EventType "swiss"]
[EventCountry "SWE"]
[SourceTitle "playchess.com"]
[Source "ChessBase"]
[SourceQuality "1"]
[TimeControl "1800+12"]

1. e4 {[%emt 0:00:00]} e6 {[%emt 0:00:00]} 2. d4 {[%emt 0:00:00]} d5 {[%emt 0:00:00]} 3. Nc3 {[%emt 0:00:00]} Nf6 {[%emt 0:00:00]} 4. e5 {[%emt 0:00:25]} Nfd7 {[%emt 0:00:02]} 5. f4 {[%emt 0:00:01]} c5 {[%emt 0:00:03]} 6. Nf3 {[%emt 0:00:02]} Nc6 {[%emt 0:00:02]} 7. Be3 {[%emt 0:00:02]} cxd4 {[%emt 0:00:03]} 8. Nxd4 {[%emt 0:00:02]} Bc5 {[%emt 0:00:02]} 9. Qd2 {[%emt 0:00:15]} O-O {[%emt 0:00:03]} 10. O-O-O {[%emt 0:00:47]} a6 {[%emt 0:00:02]} 11. Kb1 {[%emt 0:01:01]} Nxd4 {[%emt 0:00:07]} 12. Bxd4 {[%emt 0:00:02]} b5 {[%emt 0:00:02]} 13. h4 {[%emt 0:00:27]} b4 {[%emt 0:00:14]} 14. Na4 {[%emt 0:00:56]} Bxd4 {[%emt 0:00:03]} 15. Qxd4 {[%emt 0:00:01]} a5 {[%emt 0:00:06]} 16. h5 {[%emt 0:01:20]} Qc7 {[%emt 0:05:07]} 17. Rh3 {[%emt 0:01:51]} Ba6 {[%emt 0:00:57]} 18. h6 {[%emt 0:10:32]} g6 {[%emt 0:03:19]} 19. Bd3 {[%emt 0:00:14]} Bxd3 {[%emt 0:01:29]} 20. Rhxd3 {[%emt 0:00:07]} Rfc8 {[%emt 0:00:10]} 21. R1d2 {[%emt 0:00:10]} Ra6 {[%emt 0:01:15]} 22. Qf2 {[%emt 0:01:19]} Rc6 {[%emt 0:00:37]} 23. Re3 {[%emt 0:01:52]} f5 {[%emt 0:09:30]} 24. Re1 {[%emt 0:00:44]} Nc5 {[%emt 0:00:47]} 25. Nxc5 {[%emt 0:00:25]} Rxc5 {[%emt 0:00:01]} 26. g4 {[%emt 0:03:08]} fxg4 {[%emt 0:01:09]} 27. Qe2 {[%emt 0:00:01]} Rf8 {[%emt 0:00:26]} 28. Qxg4 {[%emt 0:00:51]} Rf5 {[%emt 0:00:02]} 29. b3 {[%emt 0:02:56]} a4 {[%emt 0:00:45]} 30. Rf2 {[%emt 0:03:05]} a3 {[%emt 0:02:48]} 31. Qd1 {[%emt 0:00:14]} Rc3 {[%emt 0:00:59]} 32. Qd4 {[%emt 0:01:21]} Qc5 {[%emt 0:00:02]} 33. Qd2 {[%emt 0:00:46]} Rh3 {[%emt 0:02:36]} 34. Rc1 {[%emt 0:00:22]} d4 {[%emt 0:00:23]} 35. Rd1 {[%emt 0:00:12]} Rxh6 {[%emt 0:00:03]} 36. Qd3 {[%emt 0:00:34]} Rh4 {[%emt 0:00:51]} 37. Qa6 {[%emt 0:00:49]} Qc3 {[%emt 0:00:53]} 38. Qxe6+ {[%emt 0:00:01]} Rf7 {[%emt 0:01:07]} 39. Kc1 {[%emt 0:00:01]} d3 {[%emt 0:00:01]} 40. Rg1 {[%emt 0:00:43]} Qa1+ {[%emt 0:00:42]} 41. Kd2 {[%emt 0:00:03]} Qxg1 {[%emt 0:00:02]} 0-1

[Event "16th Deltalift Open 2019"]
[Site "Halmstad"]
[Date "2019.05.30"]
[Round "4.5"]
[White "Jepson, Christian"]
[Black "Ziegler, Nathalie"]
[Result "1-0"]
[WhiteElo "2395"]
[BlackElo "1789"]
[Annotator "ChessBase"]
[PlyCount "68"]
[EventDate "2019.05.30"]
[EventType "swiss"]
[EventCountry "SWE"]
[SourceTitle "playchess.com"]
[Source "ChessBase"]
[SourceQuality "1"]
[TimeControl "1800+12"]

1. d4 {[%emt 0:00:00]} Nf6 {[%emt 0:00:00]} 2. c4 {[%emt 0:00:46]} g6 {[%emt 0:00:00]} 3. Nc3 {[%emt 0:00:05]} Bg7 {[%emt 0:00:00]} 4. e4 {[%emt 0:00:06]} d6 {[%emt 0:00:01]} 5. Be2 {[%emt 0:00:14]} O-O {[%emt 0:00:06]} 6. Nf3 {[%emt 0:00:03]} e5 {[%emt 0:00:15]} 7. d5 {[%emt 0:00:05]} a5 {[%emt 0:00:31]} 8. Bg5 {[%emt 0:00:06]} Na6 {[%emt 0:00:19]} 9. Nd2 {[%emt 0:00:05]} Nc5 {[%emt 0:00:48]} 10. b3 {[%emt 0:00:26]} h6 {[%emt 0:01:49]} 11. Be3 {[%emt 0:00:05]} Bd7 {[%emt 0:00:32]} 12. a3 {[%emt 0:04:44]} b6 {[%emt 0:02:09]} 13. b4 {[%emt 0:03:33]} axb4 {[%emt 0:00:25]} 14. axb4 {[%emt 0:00:02]} Nb7 {[%emt 0:00:42]} 15. O-O {[%emt 0:00:33]} Qe7 {[%emt 0:05:48]} 16. Nb5 {[%emt 0:03:31]} Rxa1 {[%emt 0:01:33]} 17. Qxa1 {[%emt 0:00:03]} Bg4 {[%emt 0:01:55]} 18. Bxg4 {[%emt 0:05:18]} Nxg4 {[%emt 0:00:03]} 19. Qa7 {[%emt 0:00:11]} Nxe3 {[%emt 0:05:57]} 20. fxe3 {[%emt 0:00:02]} Qg5 {[%emt 0:00:01]} 21. Rf3 {[%emt 0:01:02]} Nd8 {[%emt 0:05:16]} 22. Qxc7 {[%emt 0:01:19]} f5 {[%emt 0:00:27]} 23. Qxd6 {[%emt 0:00:11]} Qg4 {[%emt 0:03:16]} 24. h3 {[%emt 0:04:25]} Qh5 {[%emt 0:01:27]} 25. Qxb6 {[%emt 0:01:29]} Nf7 {[%emt 0:00:25]} 26. Nc7 {[%emt 0:02:21]} Ng5 {[%emt 0:00:12]} 27. Rf1 {[%emt 0:01:05]} Qe2 {[%emt 0:00:34]} 28. Nf3 {[%emt 0:01:07]} Nxe4 {[%emt 0:00:20]} 29. Qxg6 {[%emt 0:00:40]} Qxe3+ {[%emt 0:00:04]} 30. Kh2 {[%emt 0:00:16]} Qe2 {[%emt 0:00:19]} 31. Ne6 {[%emt 0:00:16]} Rf7 {[%emt 0:00:33]} 32. Nxe5 {[%emt 0:00:19]} Ra7 {[%emt 0:00:06]} 33. Rxf5 {[%emt 0:00:12]} Kh8 {[%emt 0:00:16]} 34. Nxg7 {[%emt 0:00:50]} Ng5 {[%emt 0:00:25]} 1-0

[Event "16th Deltalift Open 2019"]
[Site "Halmstad"]
[Date "2019.05.30"]
[Round "4.6"]
[White "Bellon Lopez, Juan Manuel"]
[Black "Pantzar, Milton"]
[Result "0-1"]
[WhiteElo "2345"]
[BlackElo "2390"]
[Annotator "ChessBase"]
[PlyCount "94"]
[EventDate "2019.05.30"]
[EventType "swiss"]
[EventCountry "SWE"]
[SourceTitle "playchess.com"]
[Source "ChessBase"]
[SourceQuality "1"]
[TimeControl "1800+12"]

1. d4 {[%emt 0:00:00]} d5 {[%emt 0:00:00]} 2. Nf3 {[%emt 0:00:05]} Nf6 {[%emt 0:00:02]} 3. Bf4 {[%emt 0:00:03]} e6 {[%emt 0:00:16]} 4. e3 {[%emt 0:00:02]} c5 {[%emt 0:00:28]} 5. c3 {[%emt 0:00:02]} Be7 {[%emt 0:00:34]} 6. Ne5 {[%emt 0:00:21]} Nbd7 {[%emt 0:00:58]} 7. h4 {[%emt 0:02:09]} Nxe5 {[%emt 0:02:00]} 8. dxe5 {[%emt 0:00:08]} Nd7 {[%emt 0:00:11]} 9. Nd2 {[%emt 0:01:29]} O-O {[%emt 0:01:48]} 10. Bd3 {[%emt 0:00:24]} f5 {[%emt 0:00:56]} 11. exf6 {[%emt 0:00:14]} Nxf6 {[%emt 0:00:52]} 12. Nf3 {[%emt 0:00:30]} Bd6 {[%emt 0:01:21]} 13. Be5 {[%emt 0:01:54]} Qc7 {[%emt 0:00:22]} 14. Bxd6 {[%emt 0:02:32]} Qxd6 {[%emt 0:00:03]} 15. Qa4 {[%emt 0:02:55]} e5 {[%emt 0:01:55]} 16. Ng5 {[%emt 0:03:27]} e4 {[%emt 0:01:39]} 17. Be2 {[%emt 0:00:27]} a6 {[%emt 0:05:01]} 18. O-O-O {[%emt 0:01:26]} b5 {[%emt 0:00:40]} 19. Qc2 {[%emt 0:04:35]} Qe5 {[%emt 0:01:44]} 20. Kb1 {[%emt 0:01:59]} Rb8 {[%emt 0:00:50]} 21. f4 {[%emt 0:02:32]} exf3 {[%emt 0:00:24]} 22. Bd3 {[%emt 0:00:20]} h6 {[%emt 0:04:22]} 23. Bh7+ {[%emt 0:01:03]} Kh8 {[%emt 0:00:01]} 24. gxf3 {[%emt 0:00:57]} Qxe3 {[%emt 0:01:17]} 25. Bg6 {[%emt 0:00:36]} Rb7 {[%emt 0:00:52]} 26. Rde1 {[%emt 0:00:49]} Qf4 {[%emt 0:00:04]} 27. Ne6 {[%emt 0:00:49]} Bxe6 {[%emt 0:00:08]} 28. Rxe6 {[%emt 0:00:01]} Qxf3 {[%emt 0:00:40]} 29. Rhe1 {[%emt 0:00:01]} Qf4 {[%emt 0:01:23]} 30. h5 {[%emt 0:00:11]} b4 {[%emt 0:00:28]} 31. cxb4 {[%emt 0:00:35]} Qxb4 {[%emt 0:00:18]} 32. R6e2 {[%emt 0:01:00]} Rfb8 {[%emt 0:00:59]} 33. Ka1 {[%emt 0:00:44]} c4 {[%emt 0:01:07]} 34. Qf5 {[%emt 0:00:04]} c3 {[%emt 0:00:41]} 35. b3 {[%emt 0:00:34]} d4 {[%emt 0:01:13]} 36. Qd3 {[%emt 0:00:30]} Rc7 {[%emt 0:00:18]} 37. Rc2 {[%emt 0:00:32]} a5 {[%emt 0:00:07]} 38. Qg3 {[%emt 0:00:20]} Rcc8 {[%emt 0:00:26]} 39. Bf7 {[%emt 0:00:31]} Qb7 {[%emt 0:00:52]} 40. Bc4 {[%emt 0:00:50]} a4 {[%emt 0:00:09]} 41. Rg1 {[%emt 0:00:12]} axb3 {[%emt 0:00:17]} 42. Bxb3 {[%emt 0:00:02]} Ne4 {[%emt 0:00:09]} 43. Qd3 {[%emt 0:00:16]} Nd2 {[%emt 0:00:22]} 44. Qxd4 Nf3 {[%emt 0:00:03]} 45. Qf2 {[%emt 0:00:30]} Nxg1 {[%emt 0:00:02]} 46. Qxg1 {[%emt 0:00:01]} Ra8 {[%emt 0:00:07]} 47. Qg4 {[%emt 0:00:22]} Qxb3 0-1